00741cam a2200181 a 4500008004100000020001500041035001200056050002700068100003400095245010500129260007400234300002700308440008100335500003400416650003800450650002300488651004800511031125s1973 sp 000 0 spa u a8400039491 aa433521 0aHT1134 .C37 bB67 19731 aBorrego Pla, Maria del Carmen10aPalenques de negros en Cartagena de Indias a fines del siglo XVII /cMaría del Carmen Borrego Pla. aSevilla :bEscuela de Estudios Hispano-Americanos de Sevilla, c1973. axvii, 140 p. ;c19 cm. 0aPublicaciones de la Escuela de Estudios Hispano-Americanos de Sevilla ;v216 aIncluye apéndice e índice 0aEsclavitud zColombia zCartagena 4aNegros en Colombia 4aCartagena, Colombia xHistoria ySiglo XVII